| 000 | 00906nam0a22002531 4500 | ||
|---|---|---|---|
| 001 | rc\361747 | ||
| 005 | 20030307123425.5 | ||
| 010 |
_a5-368-00276-9 _920000 |
||
| 035 | _a(NLR Aleph) 005592570 | ||
| 090 |
_a6228119 _c6228119 |
||
| 100 | _a20030307d1989 u |0rusy50 ca | ||
| 101 | 0 | _arus | |
| 102 | _aRU | ||
| 105 | _aa ||||||||| | ||
| 200 | 1 |
_aКлючики _eСтихи и загадки _e[Для дошк. возраста] _fЕфим Тарлапан _g[Пер. с молд. В. Данько _gХудож. М. Бруня] |
|
| 210 |
_aКишинев _cЛит. артистикэ _d1989 |
||
| 215 |
_a87 с. _cцв. ил. _d20 |
||
| 700 | 1 |
_aТарлапан _bЕ. К. _gЕфим Константинович |
|
| 702 | 1 |
_aДанько _bВ. Я. _gВладимир Яковлевич _4730 |
|
| 801 | 0 |
_aRU _bNLR _gpsbo |
|
| 801 | 1 |
_aRU _bELAR _2rusmarc |
|
| 852 |
_aNLR _j89-4/18686 |
||
| 942 | _cBOOK | ||
| 980 | _aNB | ||